| 000 | 00377nam a2200145Ia 4500 | ||
|---|---|---|---|
| 008 | 230917s9999||||xx |||||||||||||| ||und|| | ||
| 040 |
_e118874 _aMAIN |
||
| 041 | _aEnglish | ||
| 082 | _a338.4791 N164T | ||
| 100 | _aNarasaiah, Lakshmi M | ||
| 245 | 0 | _aTourism and the environment | |
| 260 |
_aNew Delhi _bDiscovery Publishing House _c2003 |
||
| 300 | _a130 p. | ||
| 942 | _cBK | ||
| 999 |
_c129487 _d129487 |
||